Politics as performance: (Record no. 158180)

MARC details
000 -LEADER
fixed length control field 00659nam a22001937a 4500
005 - DATE AND TIME OF LATEST TRANSACTION
control field 20181018163743.0
010 ## - LCCN (DPL NO)
LC control number ENG-124333
020 ## - INTERNATIONAL STANDARD BOOK NUMBER
Terms of availability 695.00
International Standard Book Number 9788178245324
035 ## - SYSTEM CONTROL NUMBER
System control number EN-107865
037 ## - SOURCE OF ACQUISITION
Source of stock number/acquisition DBAD/PUB.
082 ## - DEWEY DECIMAL CLASSIFICATION NUMBER
Classification number 791.43095435
100 ## - MAIN ENTRY--PERSONAL NAME
Personal name Srinivas S.V.
245 ## - TITLE STATEMENT
Title Politics as performance:
Statement of responsibility, etc by S.V. Srinivas
Remainder of title a social history of the telugu cinema /
260 ## - PUBLICATION, DISTRIBUTION, ETC. (IMPRINT)
Place of publication, distribution, etc Ranikhet
Name of publisher, distributor, etc Permanent Black
Date of publication, distribution, etc 2018
270 ## - ADDRESS
Address Himalayana, Mall Road, Ranikhet Cantt
City Ranikhet
Postal code 263645
300 ## - PHYSICAL DESCRIPTION
Extent xxi, 431p.
Dimensions 22cm(pbk)
Other physical details ill.maps
500 ## - GENERAL NOTE
General note It includes conclusion, bibliography and index.
942 ## - ADDED ENTRY ELEMENTS (KOHA)
Source of classification or shelving scheme Dewey Decimal Classification
Item type English Books
Call number suffix SRI
Classification part 791.43095435
Holdings
Withdrawn status Lost status Not for loan Collection code Home library Current library Date acquired Source of acquisition Cost, normal purchase price Full call number Barcode Copy number Cost, replacement price Koha item type
    Not For Loan Non-fiction D.B.Act.Division Bawana 20/10/2018 DBAD/PUB 695.00 791.43095435 SRI EN-107865 1 695.00 English Books

© Delhi Public Library
Hit Counter
free hit counter